Statistics for Every Iowa State University Graduate Currently Playing in the NBA

Click here to take the quiz!

General Stats

  • This quiz has been taken 15 times
  • The average score is 4 of 6

Answer Stats

Current TeamDraft YearAnswer% Correct
Sacremento Kings2017(Undrafted)Deonte Burton
90%
Indiana Pacers2020(12th)Tyrese Haliburton
90%
Philadelphia 76ers2016(50th)Georges Niang
50%
Washington Wizards2017(51st)Monte Morris
50%
Free Agent2022(Undrafted)Izaiah Brockington
40%
Utah Jazz2019(46th)Talen Horton-Tucker
40%

Score Distribution

Percentile by Number Answered

Percent of People with Each Score

Your Score History

You have not taken this quiz